Western European Union

Guardado en:
Bibliografiske detaljer
Hovedforfatter: Westhof, Jacques
Institution som forfatter: Belgium. Ministry of Foreign Affairs
Format: Texto
Udgivet: Brussels: Guyot
Tags: Tilføj Tag
Ingen Tags, Vær først til at tagge denne postø!

MARC

LEADER 00000 a a2200000 04500
001 22998
003
040
090 |a 157900  
100 |a Westhof, Jacques  
110 |a Belgium. Ministry of Foreign Affairs  
245 |a Western European Union  
260 |a Brussels:   |b Guyot  
300 |a 20 p.  
999 |c 17156  |d 17156